| 000 | 01286cam a22003254a 4500 | ||
|---|---|---|---|
| 001 | 12085184 | ||
| 003 | OSt | ||
| 005 | 20140310182733.0 | ||
| 008 | 000629s2000 caua 001 0 eng | ||
| 010 | _a 00106119 | ||
| 020 | _a0782128017 | ||
| 040 |
_aDLC _cDLC _dDLC |
||
| 042 | _apcc | ||
| 050 | 0 | 0 |
_aQA 76.76.H94 _b.H763 2000 |
| 245 | 0 | 0 |
_aHTML complete / _c[editor, Anamary Ehlen]. |
| 250 | _a2nd ed. | ||
| 260 |
_aSan Francisco : _bSybex, _c2000. |
||
| 300 |
_axxvi, 1010 p. : _bill. ; _c21 cm. |
||
| 521 | _aIT | ||
| 650 | 0 | _aHTML (Document markup language) | |
| 700 | 1 | _aEhlen, Anamary. | |
| 856 | 4 | 2 |
_3Contributor biographical information _uhttp://www.loc.gov/catdir/enhancements/fy0610/00106119-b.html |
| 856 | 4 | 2 |
_3Publisher description _uhttp://www.loc.gov/catdir/enhancements/fy0610/00106119-d.html |
| 856 | 4 | 1 |
_3Table of contents only _uhttp://www.loc.gov/catdir/enhancements/fy0610/00106119-t.html |
| 906 |
_a7 _bcbc _corignew _d2 _eepcn _f20 _gy-gencatlg |
||
| 942 |
_2lcc _cBK _kFOR |
||
| 999 |
_c15477 _d15477 |
||